000 00499cam a22002052a 4500
001 010944
003 AR-FADEU
008 311216n1986####xxu####################dd
092 _a808.831
_bM932mo
245 _aThe MOUSE : and other stories
260 _aLondon
260 _bMacmillan
260 _c1986
300 _a74 p
440 _aAdvanced readers
700 _aColin, Swatridge, ed.
650 _a/LITERATURA/CUENTO; SHORT STORIES/REVISADO/
546 _aInglés
942 _cBDGR
999 _c16726
_d16726